[Event "V Torneio Cidade de Leiria"]
[Site "Leiria POR"]
[Date "2017.07.15"]
[Round "2.13"]
[White "Cavadas, José"]
[Black "Almeida, Pedro Bastos"]
[Result "0-1"]
[BlackElo "1215"]
[WhiteElo "1550"]
[LiveChessVersion "1.4.8"]

1. d4 {[%clk 1:29:31]} d5 {[%clk 1:29:42]} 2. Nf3 {[%clk 1:27:44]} Bg4
{[%clk 1:29:14]} 3. e3 {[%clk 1:27:23]} Nf6 {[%clk 1:28:38]} 4. c4
{[%clk 1:27:47]} e6 {[%clk 1:28:11]} 5. Nc3 {[%clk 1:28:10]} Bb4 {[%clk 1:28:22]}
6. Qa4+ {[%clk 1:28:25]} Nc6 {[%clk 1:28:31]} 7. Ne5 {[%clk 1:26:53]} Bxc3+
{[%clk 1:28:44]} 8. bxc3 {[%clk 1:27:10]} O-O {[%clk 1:26:52]} 9. Ba3
{[%clk 1:23:32]} Re8 {[%clk 1:26:56]} 10. f3 {[%clk 1:22:17]} Bf5
{[%clk 1:24:49]} 11. Nxc6 {[%clk 1:22:17]} bxc6 12. Qxc6 {[%clk 1:22:17]} e5 13.
cxd5 {[%clk 1:07:36]} exd4 {[%clk 1:24:49]} 14. e4 {[%clk 1:03:01]} Bd7
{[%clk 1:23:46]} 15. Qc4 {[%clk 1:02:37]} Nxe4 {[%clk 1:19:49]} 16. fxe4
{[%clk 1:01:58]} Rxe4+ {[%clk 1:19:49]} 17. Be2 {[%clk 1:01:55]} Bg4
{[%clk 1:19:40]} 18. O-O {[%clk 0:55:57]} Bxe2 {[%clk 1:16:21]} 19. Qb3
{[%clk 0:56:10]} Bxf1 {[%clk 1:16:31]} 20. Rxf1 {[%clk 0:56:34]} d3
{[%clk 1:16:05]} 21. d6 {[%clk 0:56:44]} Qd7 {[%clk 1:16:20]} 22. Qd5
{[%clk 0:56:36]} Ree8 {[%clk 1:16:34]} 23. Qxd3 {[%clk 0:55:45]} cxd6
{[%clk 1:16:27]} 24. c4 {[%clk 0:52:40]} a5 {[%clk 1:15:39]} 25. c5
{[%clk 0:52:59]} d5 {[%clk 1:15:32]} 26. Bb2 {[%clk 0:51:10]} Qe6
{[%clk 1:15:13]} 27. Kh1 {[%clk 0:47:19]} Reb8 {[%clk 1:09:25]} 28. Qd4
{[%clk 0:47:16]} f6 {[%clk 1:08:57]} 29. h3 {[%clk 0:26:36]} Rb4 {[%clk 1:08:57]}
30. Qd2 {[%clk 0:26:36]} Rab8 {[%clk 1:08:57]} 31. Bc3 {[%clk 0:26:36]} Rb1
{[%clk 1:08:57]} 32. Rxb1 {[%clk 0:26:36]} Rxb1+ {[%clk 1:08:57]} 33. Kh2
{[%clk 0:26:36]} Rb5 {[%clk 1:08:57]} 34. Bd4 {[%clk 0:26:36]} Kf7
{[%clk 1:08:57]} 35. Qd3 {[%clk 0:26:36]} Rb4 {[%clk 1:08:57]} 36. Bc3
{[%clk 0:26:36]} Rc4 {[%clk 1:08:57]} 37. Bb2 {[%clk 0:26:36]} Qe4
{[%clk 1:08:57]} 38. Qa3 {[%clk 0:26:36]} Rc2 {[%clk 1:08:57]} 39. Qg3
{[%clk 0:26:36]} Rxb2 {[%clk 1:08:57]} 40. Qc7+ {[%clk 0:26:36]} Qe7 41. Qxa5
Qe5+ {[%clk 1:01:15]} 42. Kh1 {[%clk 0:26:58]} Rb1+ {[%clk 1:01:35]} 0-1